| 000 | 00590nam a22001817a 4500 | ||
|---|---|---|---|
| 003 | OSt | ||
| 005 | 20210501120714.0 | ||
| 008 | 210216s1996 ||||| |||| 00| 0 eng d | ||
| 040 |
_aeng _beng _cDLC |
||
| 041 | _aeng | ||
| 080 |
_a61 (09) _bO-97 |
||
| 245 |
_aOxford College of Emory University _b: Alumni Directory 1996 _c/ by: Bernard C. Harris Publishing Company, Inc |
||
| 260 |
_aNew York _bBernard C. Harris Publishing Company, Inc _c1996 |
||
| 300 |
_a229 p. _bill. |
||
| 650 | 0 |
_9335 _aHistory of Medicine |
|
| 653 | _aმედიცინის ისტორია | ||
| 942 |
_2udc _cBK |
||
| 999 |
_c1416 _d1416 |
||